UBT Library

Cardiovascular problems in pediatric critical care / (Record no. 46976)

000 -LEADER
fixed length control field 00664pam a2200229 a 4500
001 - CONTROL NUMBER
control field 3351485
005 - DATE AND TIME OF LATEST TRANSACTION
control field 20180809075034.0
008 - FIXED-LENGTH DATA ELEMENTS--GENERAL INFORMATION
fixed length control field 860617s1986 nyua b 001 0 eng c
010 ## - LIBRARY OF CONGRESS CONTROL NUMBER
LC control number 86017146
020 ## - INTERNATIONAL STANDARD BOOK NUMBER
International Standard Book Number 0443083215
040 ## - CATALOGING SOURCE
Original cataloging agency DNLM/DLC
Transcribing agency DLC
Modifying agency DLC
041 ## - LANGUAGE CODE
Language code of text/sound track or separate title eng
060 ## - NATIONAL LIBRARY OF MEDICINE CALL NUMBER
Classification number W1 CL831AI v. 10 /
-- WS 290 C2675
080 ## - UNIVERSAL DECIMAL CLASSIFICATION NUMBER
Universal Decimal Classification number 618.92 SWE
082 00 - DEWEY DECIMAL CLASSIFICATION NUMBER
Classification number 618.92 SWE
Edition number 19
100 ## - Rafti
Rafti 8
101 ## - Shkurtesa
Shkurtesa PED
245 00 - TITLE STATEMENT
Title Cardiovascular problems in pediatric critical care /
Statement of responsibility, etc edited by David B. Swedlow, Russell C. Raphaely.
504 ## - BIBLIOGRAPHY, ETC. NOTE
Bibliography, etc Includes bibliographies and index.
906 ## - LOCAL DATA ELEMENT F, LDF (RLIN)
a 7
b cbc
c orignew
d 1
e ocip
f 19
g y-gencatlg
942 ## - ADDED ENTRY ELEMENTS (KOHA)
Source of classification or shelving scheme
Item type Books
Holdings
Withdrawn status Lost status Source of classification or shelving scheme Damaged status Not for loan Collection code Permanent location Current location Shelving location Date acquired Total Checkouts Full call number Barcode Date last seen Price effective from Koha item type
          Koleksioni i përgjithshem UBT - Lipjan UBT - Lipjan Koleksioni i përgjithshem 08/09/2018   618.92 SWE 002-3010638 08/09/2018 08/09/2018 Books
UBT Library © 2015-2024. All rights reserved University Education for Business and Technology